Normal view
MARC view
- T.C. Mike Chung
Entry Personal Name
001 - CONTROL NUMBER
- control field: 52114
003 - CONTROL NUMBER IDENTIFIER
- control field: NUST
005 - DATE AND TIME OF LATEST TRANSACTION
- control field: 20210421115313.0
008 - FIXED-LENGTH DATA ELEMENTS
- fixed length control field: 210421|| aca||aabn | a|a d
040 ## - CATALOGING SOURCE
- Original cataloging agency: NUST
- Transcribing agency: NUST
100 ## - HEADING--PERSONAL NAME
- Personal name: T.C. Mike Chung
670 ## - SOURCE DATA FOUND
- Source citation: Work cat.: (NUST): T.C. Mike Chung, Functionalization of Polyolefins , 2002
